000 00775nam a22002297a 4500
005 20240614121136.0
010 _aENG-140611
020 _c925.00
_a9788196874339
035 _aEN-124143
037 _bDBAD
082 _a005.8
_23
100 _aKaufman, Charlie
_967511
245 _aNetwork Security:
_cBy Charlie Kaufman...[et.al]
_bPrivate Communication in a Public World/
250 _a3
260 _aNoida
_bPearson India Education Pvt Ltd
_c2024
270 _a1st Floor, Berger Tower, Plot No. C-001/2, Sector 16B
_bNoida
_e201301
_mcompanysecretary.india@pearson.com
300 _axx,vp.
_c23cm(pbk)
700 _aPerlman, Radia
_967512
700 _aSpeciner, Mike
_967513
700 _aPerlner, Ray
_967514
942 _2ddc
_cEN
_h005.8
_mKAU
_e3
999 _c203603
_d203603